Software Educativo e información institucional [disco compacto] /
Guardado en:
| Autor Corporativo: | |
|---|---|
| Formato: | Libro |
| Lenguaje: | Spanish |
| Publicado: |
Santiago, Chile :
La Universidad,
[Año de publicación no identificado]
|
| Materias: | |
| Etiquetas: |
Agregar Etiqueta
Sin Etiquetas, Sea el primero en etiquetar este registro!
|
MARC
| LEADER | 00000nam a2200000Ia 4500 | ||
|---|---|---|---|
| 008 | 180925b cl ||||| |||| 00| | spa d | ||
| 999 | |c 2439 |d 2439 | ||
| 090 | |a CD #12 | ||
| 110 | 2 | |a Pontificia Universidad Católica de Chile |9 4292 | |
| 245 | 1 | 0 | |a Software Educativo e información institucional [disco compacto] / |c Pontificia Universidad Católica de Chile |
| 260 | |a Santiago, Chile : |b La Universidad, |c [Año de publicación no identificado] | ||
| 300 | |a 12 cm de diámetro | ||
| 500 | |a El centro posee edición 1997 y 1999 | ||
| 650 | 1 | 4 | |a EDUCACIÓN |9 1 |
| 650 | 1 | 4 | |a INFORMÁTICA EDUCATIVA |9 3407 |
| 942 | |i 001398 ,001399 |h CD #12 |2 z |c 08 | ||
| 942 | |i 001398 ,001399 |h CD #12 |2 z | ||
